Contextos amigables con el autismo : (Record no. 195892)

MARC details
000 -LEADER
campo de control de longitud fija 01322nam a2200349 i 4500
001 - NÚMERO DE CONTROL
campo de control 195892
003 - IDENTIFICADOR DE NÚMERO DE CONTROL
campo de control SpMaBN
005 - FECHA Y HORA DE LA ÚLTIMA TRANSACCIÓN
campo de control 20250828062539.0
008 - DATOS DE LONGITUD FIJA--INFORMACIÓN GENERAL
campo de control de longitud fija 240728s2020 sp a | |||| 000 0 spa
017 ## - NÚMERO DE COPYRIGHT O DE DEPÓSITO LEGAL
Número de copyright o de depósito legal AV 145-2020
Agencia que asigna Oficina Depósito Legal Ávila
020 ## - NÚMERO INTERNACIONAL ESTÁNDAR DEL LIBRO
Número Internacional Estándar del Libro 9788494963940
035 ## - NÚMERO DE CONTROL DEL SISTEMA
Número de control de sistema (OCoLC)1227274162
035 ## - NÚMERO DE CONTROL DEL SISTEMA
Número de control de sistema a6958453
040 ## - FUENTE DE CATALOGACIÓN
Centro catalogador/agencia de origen SpMaBN
Lengua de catalogación spa
Centro/agencia transcriptor SpMaBN
Normas de descripción rda
Centro/agencia modificador ES-MaACL
080 ## - NÚMERO DE LA CLASIFICACIÓN DECIMAL UNIVERSAL
Número de la Clasificación Decimal Universal 616.896
100 ## - ENTRADA PRINCIPAL--NOMBRE DE PERSONA
Nombre de persona Valdez, Daniel
9 (RLIN) 237668
Término indicativo de función/relación Autor
245 10 - MENCIÓN DEL TÍTULO
Título Contextos amigables con el autismo :
Resto del título hilos y colores de su entramado /
Mención de responsabilidad, etc. Daniel Valdez.
250 ## - MENCION DE EDICION
Mención de edición Primera edición en octubre de 2020, por Autismo Ávila
264 #1 - PRODUCCIÓN, PUBLICACIÓN, DISTRIBUCIÓN, FABRICACIÓN Y COPYRIGHT
Producción, publicación, distribución, fabricación y copyright Ávila, España :
Nombre del de productor, editor, distribuidor, fabricante Autismo Ávila,
Fecha de producción, publicación, distribución, fabricación o copyright [2020].
300 ## - DESCRIPCIÓN FÍSICA
Extensión 214 páginas :
Otras características físicas ilustraciones (blanco y negro), gráficos (blanco y negro) ;
Dimensiones 24 cm.
336 ## - TIPO DE CONTENIDO
Término de tipo de contenido Texto
Fuente rdacontent
337 ## - TIPO DE MEDIO
Nombre/término del tipo de medio sin mediación
Fuente rdamedia
338 ## - TIPO DE SOPORTE
Nombre/término del tipo de soporte volumen
Fuente rdacarrier
504 ## - NOTA DE BIBLIOGRAFÍA, ETC.
Nota de bibliografía, etc. Bibliografía: páginas 199-214
650 #4 - PUNTO DE ACCESO ADICIONAL DE MATERIA--TÉRMINO DE MATERIA
Término de materia o nombre geográfico como elemento de entrada Autismo
Fuente del encabezamiento o término embne
9 (RLIN) 10418
650 #7 - PUNTO DE ACCESO ADICIONAL DE MATERIA--TÉRMINO DE MATERIA
Término de materia o nombre geográfico como elemento de entrada Educación
Fuente del encabezamiento o término embne
9 (RLIN) 12073
852 ## - LOCALIZACIÓN
Ubicación ES-MaACL
Ubicación en estantería Depósito J
Número de control de estantería N-9011
Donativo/Legado Donación: Editorial
Encuadernación Encuadernación rústica con solapas
itemnumber 204875
942 ## - ELEMENTOS DE ENTRADA SECUNDARIOS (KOHA)
Tipo de ítem Koha Libro impreso
Suprimir en OPAC No
Holdings
Estatus retirado Estado de pérdida Fuente del sistema de clasificación o colocación Estado de daño No para préstamo Biblioteca de origen Biblioteca actual Ubicación en estantería Fecha de adquisición Fuente de adquisición Total de préstamos Signatura topográfica completa Código de barras Visto por última vez Precio de reemplazo Tipo de ítem Koha
    Clasificación decimal universal     Biblioteca del Ateneo de Madrid Biblioteca del Ateneo de Madrid Depósito J 23/03/2025 Donación   N-9011 101229723 23/03/2025 23/03/2025 Libro impreso